Fr. Conceicao Rodrigues College of Engineering

C++ Scratch (Record no. 26696)

MARC details
000 -LEADER
fixed length control field 00299nam a2200157Ia 4500
082 ## - DEWEY DECIMAL CLASSIFICATION NUMBER
Classification number 005.133'C'++
Item number LI
100 ## - MAIN ENTRY--PERSONAL NAME
Personal name Liberty/ Jesse
250 ## - EDITION STATEMENT
Edition statement 2
245 ## - TITLE STATEMENT
Title C++ Scratch
260 ## - PUBLICATION, DISTRIBUTION, ETC.
Name of publisher, distributor, etc. PHI
Place of publication, distribution, etc. NONE
Date of publication, distribution, etc. 1999
300 ## - PHYSICAL DESCRIPTION
Extent 417
546 ## - LANGUAGE NOTE
Language note ENGLISH
654 ## - SUBJECT ADDED ENTRY--FACETED TOPICAL TERMS
Focus term C++
942 ## - ADDED ENTRY ELEMENTS (KOHA)
Koha item type BOOK
Holdings
Withdrawn status Lost status Damaged status Not for loan Collection Home library Current library Date acquired Total Checkouts Full call number Barcode Date last seen Price effective from Koha item type
        CRC Fr. Agnel's C.Rodrigues College of Engineering Fr. Agnel's C.Rodrigues College of Engineering 17/03/2023   005.133'C'++ LI 11492 17/03/2023 17/03/2023 BOOK
        CRC Fr. Agnel's C.Rodrigues College of Engineering Fr. Agnel's C.Rodrigues College of Engineering 17/03/2023   005.133'C'++ LI 11493 17/03/2023 17/03/2023 BOOK